[Event "Titled Tuesday intern op 3rd Jan"]
[Site "Chess.com INT"]
[Date "2019.12.03"]
[Round "4"]
[White "Boe, Mads"]
[Black "Kruglyakov, Pavlo"]
[Result "0-1"]
[WhiteElo "2267"]
[BlackElo "2357"]
[PlyCount "138"]
[EventDate "2019.12.03"]
[EventType "swiss (blitz)"]
[EventRounds "10"]
[EventCountry "USA"]
[SourceTitle "EXT 2021"]
[Source "ChessBase"]
[SourceDate "2020.10.23"]
[SourceVersion "1"]
[SourceVersionDate "2020.10.23"]
[SourceQuality "1"]

1. d4 Nf6 2. Nf3 g6 3. Bg5 Bg7 4. e3 0-0 5. Bd3 d5 6. 0-0 c5 7. c3 Qb6 8. Qb3 c4 9. Qxb6 axb6 10. Bc2 Nc6 11. Nbd2 Bf5 12. Rfc1 Bxc2 13. Rxc2 b5 14. Bxf6 Bxf6 15. e4 e6 16. Rcc1 b4 17. exd5 exd5 18. Nf1 Ra5 19. Ne3 Rfa8 20. Rab1 Bg7 21. cxb4 Nxb4 22. a3 Nd3 23. Rc2 Bh6 24. Ng4 Bg7 25. Ne3 h5 26. g4 hxg4 27. Nxg4 Re8 28. b3 b5 29. bxc4 dxc4 30. a4 bxa4 31. Rxc4 a3 32. Ra1 Rb8 33. Kg2 a2 34. Rc2 Rb2 35. Rxb2 Nxb2 36. Ne3 Nd3 37. Kf1 Nb4 38. Ke2 Bh6 39. Kd2 Ra3 40. Ne5 Kg7 41. N5c4 Rb3 42. Ke2 Rb1 43. Nc2 Nxc2 44. Rxa2 Nxd4+ 45. Kd3 Nf5 46. Ne5 Rb7 47. Ng4 Bf4 48. h3 Rd7+ 49. Ke4 Bg5 50. f4 Bf6 51. Ra6 Bh4 52. Ne5 Rb7 53. Ra4 Bf6 54. Ng4 Be7 55. Ne5 Nd6+ 56. Kd5 Nf5 57. Ke4 Rb4+ 58. Rxb4 Bxb4 59. Nf3 Bd6 60. Ng5 Nh4 61. Ke3 Kf6 62. Ne4+ Ke7 63. Nc3 Ng2+ 64. Kf3 Nxf4 65. h4 Nh5 66. Kg4 Bf4 67. Ne4 f5+ 68. Kf3 fxe4+ 69. Kxe4 Kf6 0-1

[Event "Titled Tuesday intern op 5th Nov"]
[Site "Chess.com INT"]
[Date "2019.11.05"]
[Round "6"]
[White "Kruglyakov, Pavlo"]
[Black "Vasiliev, Mikhailo"]
[Result "1-0"]
[WhiteElo "2357"]
[BlackElo "2330"]
[PlyCount "59"]
[EventDate "2019.11.05"]
[EventType "swiss (blitz)"]
[EventRounds "10"]
[EventCountry "USA"]
[SourceTitle "EXT 2021"]
[Source "ChessBase"]
[SourceDate "2020.10.23"]
[SourceVersion "1"]
[SourceVersionDate "2020.10.23"]
[SourceQuality "1"]

1. e4 e6 2. d4 d5 3. Nc3 Bb4 4. Nge2 dxe4 5. a3 Bxc3+ 6. Nxc3 Nc6 7. Be3 Nf6 8. Qd2 0-0 9. 0-0-0 Nd5 10. Nxe4 Nxe3 11. Qxe3 Ne7 12. g4 Bd7 13. Bd3 Bc6 14. h4 f5 15. Ng5 Bxh1 16. Qxe6+ Kh8 17. Rxh1 Rf6 18. Nf7+ Rxf7 19. Qxf7 fxg4 20. Re1 Ng8 21. c3 c5 22. Qf5 Nf6 23. Qxc5 b6 24. Qe7 Qd5 25. Kb1 Qf3 26. Be4 Qxf2 27. Bxa8 g3 28. Qe8+ Ng8 29. Bd5 Qf5+ 30. Qe4 1-0

[Event "Titled Tuesday intern op 1st Oct"]
[Site "Chess.com INT"]
[Date "2019.10.01"]
[Round "9"]
[White "Kim, Sergey2222"]
[Black "Kruglyakov, Pavlo"]
[Result "1-0"]
[WhiteElo "2295"]
[BlackElo "2357"]
[PlyCount "65"]
[EventDate "2019.10.01"]
[EventType "swiss (blitz)"]
[EventRounds "10"]
[EventCountry "USA"]
[SourceTitle "EXT 2021"]
[Source "ChessBase"]
[SourceDate "2020.10.23"]
[SourceVersion "1"]
[SourceVersionDate "2020.10.23"]
[SourceQuality "1"]

1. d4 Nf6 2. c4 g6 3. Nc3 d5 4. cxd5 Nxd5 5. e4 Nxc3 6. bxc3 Bg7 7. Bc4 c5 8. Ne2 Nc6 9. Be3 0-0 10. 0-0 Qc7 11. Rc1 b6 12. Qd2 Bb7 13. Bh6 Rad8 14. Bxg7 Kxg7 15. f4 f5 16. exf5 Rxf5 17. Be6 Rf6 18. d5 Rxe6 19. f5 Rf6 20. Nf4 Bc8 21. fxg6 hxg6 22. Rce1 Ne5 23. h3 Rdf8 24. Qe3 Nc4 25. Nh5+ gxh5 26. Qg5+ Kh7 27. Qxh5+ Rh6 28. Rf7+ Kg8 29. Rxf8+ Kxf8 30. Qxh6+ Ke8 31. Qg6+ Kd8 32. Qg8+ Kd7 33. Qg4+ 1-0

[Event "Titled Tuesday intern op 1st Oct"]
[Site "Chess.com INT"]
[Date "2019.10.01"]
[Round "1"]
[White "Kruglyakov, Pavlo"]
[Black "Costa, Paulo Cesar"]
[Result "1-0"]
[WhiteElo "2357"]
[BlackElo "1974"]
[PlyCount "95"]
[EventDate "2019.10.01"]
[EventType "swiss (blitz)"]
[EventRounds "10"]
[EventCountry "USA"]
[SourceTitle "EXT 2021"]
[Source "ChessBase"]
[SourceDate "2020.10.23"]
[SourceVersion "1"]
[SourceVersionDate "2020.10.23"]
[SourceQuality "1"]

1. e4 e6 2. d4 d5 3. Nc3 Nf6 4. e5 Nfd7 5. f4 c5 6. Nf3 Nc6 7. Be3 cxd4 8. Nxd4 Bc5 9. Qd2 0-0 10. 0-0-0 a6 11. Kb1 Nxd4 12. Bxd4 b5 13. f5 b4 14. Ne2 Bxd4 15. Nxd4 Nxe5 16. fxe6 fxe6 17. Qxb4 Qc7 18. Nb3 Bb7 19. Qc5 Qd7 20. Be2 Rac8 21. Qe3 Qc7 22. Rc1 a5 23. Rhe1 Rf6 24. Bb5 Nc4 25. Bxc4 dxc4 26. Nd4 Bd5 27. Qe5 c3 28. Qxc7 Rxc7 29. bxc3 Rxc3 30. Re2 Kf7 31. Rce1 Rc4 32. Rd2 g6 33. a3 Rf4 34. Nb5 Rc6 35. Nd4 Rc4 36. Nb3 Rc3 37. Kb2 Rfc4 38. Nxa5 Rc5 39. Nb3 Bxb3 40. cxb3 Rc6 41. Ree2 Rc1 42. Rc2 R6xc2+ 43. Rxc2 Rg1 44. a4 Kf6 45. a5 Rh1 46. h3 Rd1 47. b4 Rd4 48. Kb3 1-0